000 00673nam a2200193 a 4500
001 000040183
005 20201002033952.0
008 130814s1968 sp ac 000 0 spa d
040 _aDO-SdBNP
_bspa
_cBNPHU
100 1 _aRodríguez Lapuente, Manuel
_944382
245 1 0 _aHistoria de iberoamérica /
_cManuel Rodríguez Lapuente, Prólogo Lázaro Sánchez.
260 _aBarcelona :
_bRamón Sopena,
_c1968.
300 _a679 p. :
_bils., retrs. ;
_c22 cm.
490 1 _aBiblioteca Hispania
500 _aIncluye índice alfabético
500 _aIncluye notas al pie de las páginas
700 1 _aSánchez, Lázaro,
_epról.
_944383
830 0 _aBiblioteca Hispania
_944384
999 _c39673
_d39673